00438nam a2200145Ia 4500008004100000020001800041041000800059082001800067100002900085245008000114250000600194260004400200300000800244650004000252210716s1987 xx 000 0 und d a9780875848815 aeng a658.4062 HARV aHarvard Business Review. aHarvard business review: on knowledge management.bOn knowledge management. a1 aUSAbHarvard Business Review Bookc1987 a223 aOrganizational Development & Change